000 00900nam a2200241Ia 4500
003 OSt
005 20220923221041.0
006 a|||||r|||| 00| 0
007 ta
008 220922b |||||||| |||| 00| 0 hin d
024 _a194,399
037 _cTextual
040 _aARTS
_cARTS
_bhin
041 _2hin
_ahin
082 _aO152,2M89:g, P1
100 _aउषा कृष्ण
245 0 _aजयशंकर प्रसाद का सम्पूर्ण नाट्य साहित्य
_b अन्तर्द्वन्द्वपरक अध्ययन
246 _aJayashankar prasād kā sampūrṇa nāṭya sāhitya: antardvandvaparak adhyayana
260 _aदिल्ली
_b संजय प्रका0
_c1998
300 _a464पृ.
_ccm.
942 _hO152,2M89:g, P1
_cTEXL
_2CC
999 _c346663
_d346663